La interpretación e integración de la ley tributaria y las sociedades civiles profesionales desaparecidas (Registro nro. 20920)

Detalles MARC
000 -LEADER
fixed length control field 00403 a2200109 4500
001 - CONTROL NUMBER
control field ART_40685
005 - DATE AND TIME OF LATEST TRANSACTION
control field 20260410161805.0
008 - FIXED-LENGTH DATA ELEMENTS--GENERAL INFORMATION
fixed length control field 260409a
100 1# - MAIN ENTRY--PERSONAL NAME
Personal name Fernández, Fernanda M.
245 10 - TITLE STATEMENT
Title La interpretación e integración de la ley tributaria y las sociedades civiles profesionales desaparecidas
773 0# - HOST ITEM ENTRY
Title Doctrina Societaria y Concursal
Related parts - Nº 348 (nov. 2016)
Record control number REV4298

No hay ítems disponibles.